मध्य प्रदेश का भूगोल इकाई - 4 (Record no. 66873)
[ view plain ]
| 000 -LEADER | |
|---|---|
| fixed length control field | 00324nam a22001097a 4500 |
| 082 ## - DEWEY DECIMAL CLASSIFICATION NUMBER | |
| Classification number | 910 |
| 100 ## - MAIN ENTRY--AUTHOR NAME | |
| Personal name | गुप्ता,संजय |
| 245 ## - TITLE STATEMENT | |
| Title | मध्य प्रदेश का भूगोल इकाई - 4 |
| 260 ## - PUBLICATION, DISTRIBUTION, ETC. (IMPRINT) | |
| Place of publication | Gwalior |
| Name of publisher | Nirmal IAS |
| Year of publication | 2024 |
| 650 ## - SUBJECT ADDED ENTRY--TOPICAL TERM | |
| Topical Term | Geography |
| 942 ## - ADDED ENTRY ELEMENTS (KOHA) | |
| Koha item type | Competitive Books |
| Withdrawn status | Lost status | Damaged status | Not for loan | Home library | Current library | Date acquired | Cost, normal purchase price | Full call number | Accession Number | Price effective from | Koha item type |
|---|---|---|---|---|---|---|---|---|---|---|---|
| MACL | MACL | 21/05/2024 | 260.00 | 910 | DPI002177 | 21/05/2024 | Competitive Books | ||||
| MACL | MACL | 21/05/2024 | 260.00 | 910 | DPI002176 | 21/05/2024 | Competitive Books |









